01003cam a22002774a 450000100040000000500170000400800410002102000150006204000230007705000240010008200150012410000610013924500390020026000360023930000460027550500060032152000960032752100180042352100180044165000350045965000140049490600450050894200150055399900130056895201440058157520230616144325.0020912s2003 mnua b b 001 0 eng  a0736816577 aDLCcDLCdDLCbeng00aQL737.S63bR87 200300a599.552211 aRustad, Martha E. H.q(Martha Elizabeth Hillman),d1975-10aManatees /cby Martha E.H. Rustad. aMankato :bPebble Books.c2003. a24 pages :bcolor illustrations ;c19 cm. aK aSimple text and photographs describe the physical characteristics and behavior of manatees. a550 bLexile aK bRaz-Plus 0aManateesvJuvenile literature. 1aManatees. a7bcbccorignewd1eecipf20gy-gencatlg 2ddccBKn0 c575d575 00102ddc40708NFICa001b001cTK Yellowd2023-06-16l3oRUS 599.5.5 Ql737.SpFISTK03241r2024-02-02 08:07:18s2024-01-19w2023-06-16yBK